1742 1224 1846 1894 1688 1450 1202 1821 1642 1654 1109 1421 1750 1178 1357 1882 1752 1134 1530 1904 1319 1186 1868 1749 1316 1531 1982 1298 1226 1693 1430 1683 1680 1778 1846 1428 1036 1686 1622 1414 1837 1363 1897 1549 1138 1706 1817 1749 1206 1707 1208 1216 1750 1148 1336 1310 1507 1991 1336 1526 1782 1042 1620 1095 1318 1877 1938 1771 1996 1060 1482 1504 1044 1393 1033 1856 1149 1413 1688 1595 1311 1532 1565 1937 1223 1892 1367 1695 1890 1793 1006 1739 1545 1925 1661 1239 1992 1220 1074 BCNSPRNW ULIB Ver.6.0+V

เปลี่ยนเป็นภาษาไทย

Change to English
 แสดงรายละเอียดบรรณานุกรม
  กลับหน้าหลัก

Brief Record : Get Marc (ISO 2709) : E-mail record : QR code < ปิดหน้าต่าง
LEADER : 00000nam 2200000uu 4500
001    13399120893
003     ULIB
008    121024s2552||||th 000 0 tha d
020    ^a9789742355968
050 04 ^aDS555.382^bศ161ค 2552
100 0  ^aศรัทธา ลาภวัฒนเจริญ
245 10 ^aคู่มือเที่ยวลาว 3 มิติ ด้วยเงิน 6,000 :^bLaos paradize /^cศรัทธา ลาภวัฒนเจริญ
260    ^aกรุงเทพ ฯ :^bRomantic tripper,^c2552
300    ^a128 หน้า :^bภาพประกอบ
650  7 ^aลาว^xภูมิประเทศและการท่องเที่ยว
653    ^aอาเซียน
945    ^p139^l0^i17794
995    ^aกัณชพร
999 ^a ใช้งานได้ทุกระบบ
รายการนี้ยังไม่มีแท็ก
คุณยังไม่ได้ล็อกอิน คุณสามารถมีกิจกรรมร่วมกับเว็บไซต์ได้ แต่ต้องล็อกอินก่อน ::
  ล็อกอิน

รายการสื่อสารสนเทศ

ลำดับที่ ประเภท เลขเรียก/บาร์โค้ด สถานที่ สถานะ
1. วิทยาศาสตร์การแพทย์ และสุขภาพ
วิทยาศาสตร์การแพทย์ และสุขภาพ
DS555.382 ศ161ค 2552  
  Barcode: 17794
ห้องสมุดวิทยาเขตสวรรค์ประชารักษ์
►หนังสือทั่วไป
บนชั้น

รายการใกล้เคียง
    ผู้แต่ง [ศรัทธา ลาภวัฒนเจริญ]

BibComment


ยังไม่เคยถูกคอมเมนท์

คอมเมนท์ทรัพยากรรายการนี้
  คอมเมนท์: คู่มือเที่ยวลาว ..


 Copyright 2026. Bcnsprnw @Library